Geology of Umm Salatît-el-Hisinât district (Record no. 29207)

MARC details
000 -LEADER
fixed length control field 00864cam a22002411 4500
001 - CONTROL NUMBER
control field gs 58000030
003 - CONTROL NUMBER IDENTIFIER
control field DLC
005 - DATE AND TIME OF LATEST TRANSACTION
control field 20260227111406.0
008 - FIXED-LENGTH DATA ELEMENTS--GENERAL INFORMATION
fixed length control field 850429s1957 ua ab s000 0 eng
010 ## - LIBRARY OF CONGRESS CONTROL NUMBER
LC control number gs 58000030
035 ## - SYSTEM CONTROL NUMBER
System control number (OCoLC)11978153
040 ## - CATALOGING SOURCE
Original cataloging agency DLC
Transcribing agency WU
Modifying agency DLC
042 ## - AUTHENTICATION CODE
Authentication code premarc
050 00 - LIBRARY OF CONGRESS CALL NUMBER
Classification number QE328
Item number .A45 1957
110 2# - MAIN ENTRY--CORPORATE NAME
Corporate name or jurisdiction name as entry element Misāḥah al-Jiyūlūjīyah al-Miṣrīyah.
245 10 - TITLE STATEMENT
Title Geology of Umm Salatît-el-Hisinât district
Remainder of title (Barrâmîya East sheet)
Statement of responsibility, etc. By M. Saber Mansour, F. A. Bassyuni, D. M. al-Far.
260 ## - PUBLICATION, DISTRIBUTION, ETC.
Place of publication, distribution, etc. Cairo,
Date of publication, distribution, etc. 1957.
300 ## - PHYSICAL DESCRIPTION
Extent 43, [1] p.;[6] p.
Other physical details illus., maps (part fold., part col.) diagrs.
Dimensions 28 cm.
500 ## - GENERAL NOTE
General note Added t.p. and summary in Arabic.
504 ## - BIBLIOGRAPHY, ETC. NOTE
Bibliography, etc. note "References": p. [44]
650 #0 - SUBJECT ADDED ENTRY--TOPICAL TERM
Topical term or geographic name entry element Geology
Geographic subdivision Egypt
-- Umm Salatît-el-Hisinât district.
700 1# - ADDED ENTRY--PERSONAL NAME
Personal name Manṣūr, Muḥammad Ṣābir Musṭafā,
Dates associated with a name 1922-

No items available.

Powered by Koha